000 00922cam a22002411i 4500
003 SA-RiAUC
005 20260114113924.0
008 260101s1952 ua g 00000 ara c
040 _aSA-JeALM
_bara
_cSA-RiAUC
_erda
082 0 4 _a251
090 _aم ن 251
_bم س ا
100 1 _aالمساوي، محسن بن علي بن عبد الرحمن،
_d1323-1354 هجري
_eمؤلف.
245 1 0 _aمدخل الوصول إلى معرفة علم الأصول /
_cمحسن بن علي المساوي.
250 _aالطبعة الثانية.
264 3 _aالقاهرة :
_bمطبعة الشرق
_c1938
300 _a29 صفحة ؛
_c29 سم.
336 _aنص
_btxt
_2rdacontent
_3كتاب
337 _aبدون وسيط
_bn
_2rdamedia
338 _aمجلد
_bnc
_2rdacarrier
650 7 _aأصول الفقه الإسلامي
_2aucsh
942 _2ddc
_cRBOOK COPY
_n0
949 _aSA-JeALM
_d260101
_umohamedma123
_n1
999 _c14044
_d14044